Ic master,vol-i, function index and selection guides (Record no. 569769)
[ view plain ]
| 000 -LEADER | |
|---|---|
| fixed length control field | 00705nam a22001817a 4500 |
| 003 - CONTROL NUMBER IDENTIFIER | |
| control field | CEME |
| 005 - DATE AND TIME OF LATEST TRANSACTION | |
| control field | 20210628202434.0 |
| 008 - FIXED-LENGTH DATA ELEMENTS--GENERAL INFORMATION | |
| fixed length control field | 210204b xxu||||| |||| 00| 0 eng d |
| 020 ## - INTERNATIONAL STANDARD BOOK NUMBER | |
| International Standard Book Number | 0894-6809 |
| 040 ## - CATALOGING SOURCE | |
| Transcribing agency | . |
| 082 ## - DEWEY DECIMAL CLASSIFICATION NUMBER | |
| Classification number | 621.3815 ICM |
| 100 ## - MAIN ENTRY--PERSONAL NAME | |
| Personal name | Loveland, W Haywood, C |
| 9 (RLIN) | 59897 |
| 245 ## - TITLE STATEMENT | |
| Title | Ic master,vol-i, function index and selection guides |
| 260 ## - PUBLICATION, DISTRIBUTION, ETC. | |
| Place of publication, distribution, etc. | NEWYORK |
| Name of publisher, distributor, etc. | HEARST BUSINESS COMMUNICATIONS |
| Date of publication, distribution, etc. | 2001 |
| 300 ## - PHYSICAL DESCRIPTION | |
| Extent | 1791P |
| 650 ## - SUBJECT ADDED ENTRY--TOPICAL TERM | |
| Topical term or geographic name entry element | MEMORY-IC MASTER; LINEAR-IC MASTER; INTERFACE-IC MASTER; DIGITAL SIGNAL PROCESSING-IC MASTER; DIGITAL LOGIC-IC MASTER; CHIP SETS AND MULTIFUNCTION-IC MASTER; ASIC-CUSTOM-IC MASTER; MASTER SELECTION GUIDE I; FUNCTION INDEX |
| 9 (RLIN) | 59898 |
| 942 ## - ADDED ENTRY ELEMENTS (KOHA) | |
| Koha item type | Book |
| Source of classification or shelving scheme | |
| Withdrawn status | Lost status | Damaged status | Not for loan | Permanent Location | Current Location | Shelving location | Date acquired | Total Checkouts | Full call number | Barcode | Date last seen | Price effective from | Koha item type |
|---|---|---|---|---|---|---|---|---|---|---|---|---|---|
| College of Electrical & Mechanical Engineering (CEME) | College of Electrical & Mechanical Engineering (CEME) | General Stacks | 07/19/2017 | 621.3815 ICM | CEME-36029 | 06/28/2021 | 06/28/2021 | Book |
